LEADER 01194nam0-22003731i-450- 001 990005529730203316 005 20050712120000.0 035 $a000552973 035 $aUSA01000552973 035 $a(ALEPH)000552973USA01 035 $a000552973 100 $a20050712d1948-------|0itac50------ba 101 $aita 102 $aIT 105 $a|||| ||||| 200 1 $aConsiderazioni sulla riforma agraria$ediscorso al Senato della repubblica nella discussione sulle comunicazioni del governo$e22 giugno 1948$fGiovanni Pallastrelli 210 $aRoma$cTip. del Senato$d1948 215 $a28 p.$d22 cm. 606 $aRiforma agraria$xItalia$2FI 620 $dRoma 676 $a346.044$cRiforma agraria$v21 700 1$aPALLASTRELLI,$bGiovanni$075718 712 $aTipografia del Senato 801 $aIT$bSOL$c20120104 912 $a990005529730203316 950 $aDIP.TO SCIENZE ECONOMICHE - (SA)$dDS 300 346.044 PAL$e2075 DISES 951 $a300 346.044 PAL$b2075 DISES 959 $aBK 969 $aDISES 979 $c20121027$lUSA01$h1532 979 $c20121027$lUSA01$h1613 996 $aConsiderazioni sulla riforma agraria$91130346 997 $aUNISA NUM $aUSA14909 LEADER 02398nas 2200469 n 450 001 990008921200403321 005 20240229084438.0 011 $a0390-8461 035 $a000892120 035 $aFED01000892120 035 $a(Aleph)000892120FED01 035 $a000892120 091 $2CNR$aP 00002620 100 $a20161109b19301931km-y0itaa50------ba 101 0 $aita 102 $aIT 110 $aauu-------- 200 1 $aBollettino d'informazioni del Consiglio Nazionale delle Ricerche 207 1$a1930-1931 210 $aRoma$cConsiglio Nazionale delle Ricerche 440 0$1001000904707$12001$aLa Ricerca scientifica 530 0 $aBollettino d'informazioni del Consiglio Nazionale delle Ricerche 675 $a001.891 675 $a5 675 $a06.05 712 02$aConsiglio nazionale delle ricerche 801 0$aIT$bACNP$c20090723 859 4 $uhttp://acnp.cib.unibo.it/cgi-ser/start/it/cnr/dc-p1.tcl?catno=1287&person=false&language=ITALIANO&libr=&libr_th=unina1$zBiblioteche che possiedono il periodico 901 $aSE 912 $a990008921200403321 958 $aBRAU. Biblioteca di Ricerca di Area Umanistica$b1930-1931.$eITALIA 259$fFLFBC 958 $aBiblioteca "Roberto Stroffolini" - Dipartimento di Scienze Fisiche dell'Università Federico II$b1930-1931.$c1931.$fFI1 958 $aBiblioteca del Dipartimento di Entomologia e Zoologia Agraria dell'Università degli Studi di Napoli Federico II$b1930;$fDAGEN 959 $aFLFBC 959 $aFI1 959 $aDAGEN 996 $aBollettino d'informazioni del Consiglio Nazionale delle Ricerche$9798989 997 $aUNINA AP1 8 $6866-01$aNA072 BRAU. Biblioteca di Ricerca di Area Umanistica$bITALIA 259$ePiazza Bellini 56/60, 80133 Napoli (NA)$m(081) 2533948$nit AP1 8 $6866-02$aNA079 Biblioteca "Roberto Stroffolini" - Dipartimento di Scienze Fisiche dell'Università Federico II$eVia Cintia-Monte S. Angelo, 80126 Napoli (NA)$m081.676253;676756;676443$m081.676434$nit AP1 8 $6866-03$aNA219 Biblioteca del Dipartimento di Entomologia e Zoologia Agraria dell'Università degli Studi di Napoli Federico II$eVia Università, 100, 80055 Portici (NA)$m0812539188$m0817755145$nit AP2 40$aacnp.cib.unibo.it$nACNP Italian Union Catalogue of Serials$uhttp://acnp.cib.unibo.it/cgi-ser/start/it/cnr/df-p.tcl?catno=1287&language=ITALIANO&libr=&person=&B=1&libr_th=unina&proposto=NO